Molekulární studie genu acetolaktát syntázy (ALS) dvou českých biotypů bytelu metlatého (Kochia scoparia (L.) Schrad.)

Bibliographic Details
Main Authors: Salava, Jaroslav (Author), Chodová, Daniela (Author), Mikulka, Jan (Author)
Format: Article
Language:Czech

MARC

LEADER 00000naa a2200000uu 4500
001 vtls011085540
003 SK-MaSNL
005 20260302105218.0
008 220810|2003 xo |||||||||||||||||cze|
015 |a SNBRA 
035 |a (urnnbn)urn:nbn:sk:snk:ar-a0cm3a 
035 |a (uuid)78fca86d-9c74-43e2-9483-8d8dae680e39 
035 |a urn:nbn:sk:snk-aavrz1 
040 |a SNKBUCL  |b slo  |c SNKBUCL  |e AACR2 
041 0 |a cze 
044 |a xo  |c SK 
100 1 |a Salava, Jaroslav  |4 aut  |9 783512 
245 1 0 |a Molekulární studie genu acetolaktát syntázy (ALS) dvou českých biotypů bytelu metlatého (Kochia scoparia (L.) Schrad.)  |c Jaroslav SALAVA, Daniela CHODOVÁ, Jan MIKULKA 
246 3 |a Molecular study on acetolactate synthase gene (ALS) of two Czech biotypes of kochia (Kochia scoparia (L.) Schrad.) 
700 1 |a Chodová, Daniela  |4 aut  |9 783500 
700 1 |a Mikulka, Jan  |4 aut  |9 772828 
773 0 |t XVI. slovenská a česká konferencia o ochrane rastlín  |d V Nitre : Slovenská poľnohospodárska univerzita, 2003  |g S. 259-260  |z 8080692351 
954 |a odborná, vedecká literatúra cudzojazyčná (svetová)  |2 lita 
958 |a OND 
958 |a article12 
958 |a chapter 
999 |c 1237784  |d 1239714